LEADER 02139nam 2200649 a 450 001 9910791362303321 005 20210106195615.0 010 $a1-282-69579-7 010 $a9786612695797 010 $a0-472-02630-5 035 $a(CKB)2560000000014465 035 $a(OCoLC)607748372 035 $a(CaPaEBR)ebrary10375748 035 $a(SSID)ssj0000399381 035 $a(PQKBManifestationID)11297734 035 $a(PQKBTitleCode)TC0000399381 035 $a(PQKBWorkID)10376487 035 $a(PQKB)11176222 035 $a(MiAaPQ)EBC3414751 035 $a(EXLCZ)992560000000014465 100 $a20150424d2010 uy| 0 101 0 $aeng 135 $aur||u---||||| 181 $ctxt$2rdacontent 182 $cc$2rdamedia 183 $acr$2rdacarrier 200 10$aJazz Perspectives$b[electronic resource] $eJimmie Lunceford and the Harlem Express /$fEddy Determeyer 210 $aAnn Arbor, MI, USA$cUniversity of Michigan Press$d2010 210 $aAnn Arbor, MI, USA$cUniversity of Michigan Press$d20100301 210 $cUniversity of Michigan Press 215 $a1 online resource (357 p.) 225 1 $aJazz perspectives 300 $aBibliographic Level Mode of Issuance: Monograph 311 $a0-472-03359-X 410 0$aJazz perspectives 606 $aConductors (Music)$zUnited States$vBiography 606 $aBig band music$xHistory and criticism 606 $aBIOGRAPHY & AUTOBIOGRAPHY$2bisac 606 $aComposers & Musicians$2bisac 606 $aMusic History & Criticism, Instrumental$2HILCC 606 $aMusic$2HILCC 606 $aMusic, Dance, Drama & Film$2HILCC 615 0$aConductors (Music) 615 0$aBig band music$xHistory and criticism. 615 7$aBIOGRAPHY & AUTOBIOGRAPHY 615 7$aComposers & Musicians 615 7$aMusic History & Criticism, Instrumental 615 7$aMusic 615 7$aMusic, Dance, Drama & Film 676 $a781.65092 B 700 $aDetermeyer$b Eddy$01515364 801 0$bPQKB 801 2$bAzTeS 906 $aBOOK 912 $a9910791362303321 996 $aJazz Perspectives$93751037 997 $aUNINA LEADER 03374nam 22006495 450 001 9910411943403321 005 20260126134556.0 010 $a3-030-43847-3 024 7 $a10.1007/978-3-030-43847-0 035 $a(CKB)4100000011354657 035 $a(DE-He213)978-3-030-43847-0 035 $a(MiAaPQ)EBC6273602 035 $a(PPN)269149198 035 $a(MiAaPQ)EBC6270909 035 $a(MiAaPQ)EBC29090181 035 $a(EXLCZ)994100000011354657 100 $a20200724d2020 u| 0 101 0 $aeng 135 $aurnn#008mamaa 181 $ctxt$2rdacontent 182 $cc$2rdamedia 183 $acr$2rdacarrier 200 10$aAdvances in Ocular Imaging in Glaucoma /$fedited by Rohit Varma, Benjamin Y. Xu, Grace M. Richter, Alena Reznik 205 $a1st ed. 2020. 210 1$aCham :$cSpringer International Publishing :$cImprint: Springer,$d2020. 215 $a1 online resource (X, 127 p. 61 illus., 53 illus. in color.) 225 1 $aEssentials in Ophthalmology,$x2196-890X 311 08$a3-030-43846-5 327 $a1. Anterior Segment Optical Coherence Tomography -- 2. Utilizing Optical Coherence Tomography in Glaucoma Management -- 3. Macular Imaging by Optical Coherence Tomography for Glaucoma -- 4. OCTA in Glaucoma -- 5. Examination of the Optic Nerve in Glaucoma -- 6. Ultrasound in the Management of Glaucoma -- 7. Imaging Aqueous Outflow -- 8. Future Novel Imaging Methods. 330 $aServing as a practical guide to the ocular imaging modalities that are currently available to eye care providers for the care of glaucoma patients, this book provides information on advances in ocular imaging and their applications in the diagnosis and management of glaucoma. Each chapter introduces the imaging modality, highlight its strengths and weaknesses for clinical care, and discuss its integration into the clinical examination and decision-making process. The chapters also provide an in-depth description of the interpretation of images from each imaging modality. When appropriate, the chapters will summarize past and ongoing research and propose future research directions and clinical applications. This title will appeal to ophthalmologists and optometrists at all levels, from trainees to experienced clinicians looking to learn new and important information. 410 0$aEssentials in Ophthalmology,$x2196-890X 606 $aOphthalmology 606 $aOphthalmology 606 $aGlaucoma$2thub 606 $aDiagnòstic per la imatge$2thub 606 $aImatges mèdiques$2thub 606 $aOftalmologia$2thub 608 $aLlibres electrònics$2thub 615 0$aOphthalmology. 615 14$aOphthalmology. 615 7$aGlaucoma 615 7$aDiagnòstic per la imatge 615 7$aImatges mèdiques 615 7$aOftalmologia 676 $a617.7 676 $a617.741 702 $aVarma$b Rohit$4edt$4http://id.loc.gov/vocabulary/relators/edt 702 $aXu$b Benjamin Y$4edt$4http://id.loc.gov/vocabulary/relators/edt 702 $aRichter$b Grace M$4edt$4http://id.loc.gov/vocabulary/relators/edt 702 $aReznik$b Alena$4edt$4http://id.loc.gov/vocabulary/relators/edt 801 0$bMiAaPQ 801 1$bMiAaPQ 801 2$bMiAaPQ 906 $aBOOK 912 $a9910411943403321 996 $aAdvances in Ocular Imaging in Glaucoma$92226045 997 $aUNINA